00847nam a2200181 a 4500001001000000005001700010008004100027041000800068044000700076084002100083100004300104245026300147260005900410300003600469500002400505500009600529650004000625BRCA_887920190320210439.0140617s1765----sp-#######---#000-0#lat-# alat asp aBE262b.T66 17651 aTomás de Aquino, Santod1225? - 127410aD. Thomae Aquinatis, doctoris angelici, ordinis praedicatorum, opera, juxta editionem venetam MDCCLVcaccedunt F. Joann. Franc. Bernard. Mariae de Rubeis in singula opera admonitiones praeviae; tomus tertius; complectens summae theologicae secundam segundae. aMatritibEx typographia Viduae Elisaei Sánchezc1765 aXXXII; 471 p. (t.3)c29 x 20 cm aSuperiorum permissu aEstado físico: presenta encuadernación en pergamino con cintas rotas y cantos decorados14aTeologíayObras anteriores a 1800